Quiz Geografía - Lugares que se llaman "Puerto" - Estadísticas

Estadísticas generales
  • Esta prueba ha sido intentada 241 veces
  • La puntuación promedio es 5 de 10
Estadísticas de respuestas
Pista Respuesta % Correcto
Estado Libre Asociado a los Estados Unidos Puerto Rico
96%
Capital de Haití Puerto Príncipe
85%
Capital de Papúa Nueva Guinea Port Moresby
59%
Capital de Mauricio Port Louis
41%
Ciudad del estado de Oregón en Estados Unidos Portland
38%
Capital del estado brasileño de Rio Grande do Sul Porto Alegre
34%
Su nombre significa literalmente "El Puerto", y dio nombre a su país Portugal
31%
Uno de los principales destinos turísticos de México Puerto Vallarta
29%
Ciudad del sudeste de Inglaterra, donde nació Charles Dickens Portsmouth
28%
Capital de la región chilena de Los Lagos Puerto Montt
19%
No se encontraron pruebas coincidentes
Distribución de puntuación
Porcentaje de gente con cada puntuación
Porcentaje por número respondido
Historial de tus puntuaciones
No has intentado esta prueba.